| 000 | 00832nam a2200241Ia 4500 | ||
|---|---|---|---|
| 005 | 20220512152347.0 | ||
| 008 | 210716s2001 xx 000 0 und d | ||
| 020 | _a8185502579 | ||
| 040 | _cAIMIT LIBRARY | ||
| 041 | _aeng | ||
| 082 |
_a658.4012 _23 _bHILC |
||
| 100 |
_aHill, Charles W L. _936444 |
||
| 245 |
_aStrategic management theory : _ban integrated approch / _cBy Charles W. L. and Gareth R. Jones |
||
| 250 | _a3rd ed. | ||
| 260 |
_aBoston : _bHoughton mifflin Company , _c1998. |
||
| 260 |
_aChennai _bAll India Publishers & Distributors Regd. _c1998. |
||
| 300 |
_axxii, 436p. I-10 _c24 cm. |
||
| 650 |
_aStrategic Management _936445 |
||
| 650 |
_aNature of Competitive Advantage _936446 |
||
| 650 |
_aImplementing Strategy _936447 |
||
| 700 |
_aJones, Gareth R. _936448 |
||
| 942 |
_2ddc _cBK _e3rd ed. _k658.4012 HILC |
||
| 999 |
_c200454 _d200454 |
||